000 00648nam a2200217Ii 4500
001 3092
003 CO-ViMGA
008 241108s9999||||xx |||||||||||||| ||und||
020 _a9586021238
040 _aCO-ViMGA
_bspa
_erda
_cCO-ViMGA
041 0 _aunk
082 0 4 _a581.03 - S843i
100 1 _aAndrew Sugder
_953500
245 1 0 _aDiccionario ilustrado de la Botánica
264 1 _a[Lugar de publicación no identificado] : Círculo de Lectores, 1984
300 _avolumen
336 _atext
_btxt
_2rdacontent
337 _aunmediated
_bn
_2rdamedia
338 _avolume
_bnc
_2rdacarrier
940 _aidficha_siabuc: 3021. -- ficha_no_siabuc:3092
999 _c50153
_d50153